| 000 | 00555cam a2200193 4500500 | ||
|---|---|---|---|
| 005 | 20260329002242.0 | ||
| 041 | _afre | ||
| 042 | _adc | ||
| 100 | 1 | 0 |
_aDuru, Martin _eauthor |
| 245 | 0 | 0 | _aLe ciment des choses |
| 260 | _c2011. | ||
| 500 | _a54 | ||
| 690 | _aChose | ||
| 690 | _aCiment | ||
| 690 | _aClaudine Tiercelin | ||
| 690 | _aMétaphysique | ||
| 786 | 0 | _nPhilosophie magazine | 52 | 9 | 2011-09-01 | p. 46-46 | 1951-1787 | |
| 856 | 4 | 1 | _uhttps://shs.cairn.info/magazine-philosophie-magazine-2011-9-page-46?lang=fr&redirect-ssocas=7080 |
| 999 |
_c1813197 _d1813197 |
||